| 000 | 00694nam a2200229 a 4500 | ||
|---|---|---|---|
| 999 |
_c2232 _d2232 |
||
| 001 | 2232 | ||
| 003 | BD-JhCC | ||
| 005 | 20191212134008.0 | ||
| 008 | 171031s2006 bg |||| ||a| 000 0 ben d | ||
| 020 | _a9848683798 | ||
| 035 | _a(BD-JhCC) 2232 | ||
| 040 |
_aBD-JhCC _dBD-JhCC |
||
| 041 | _aben | ||
| 082 |
_a891.443 _bNAG 2006 |
||
| 100 | _aনাগরী, শাহাবুদ্দীন | ||
| 245 |
_aদুলে ওঠে রুপালি চাদর / _c শাহাবুদ্দীন নাগরী |
||
| 260 |
_aঢাকা : _bঅন্য প্রকাশ , _c2006 |
||
| 300 |
_a64 p .: _c22 cm . |
||
| 650 | _aBengali Novel | ||
| 942 |
_2ddc _cBK _02 |
||